[Event "Festival"]
[Site "?"]
[Date "2016.02.17"]
[Round "1.1"]
[White "Paehtz, Elisabeth"]
[Black "Fier, Alexandr"]
[Result "1/2-1/2"]
[LiveChessVersion "1.4.7"]
[BlackElo "2608"]
[WhiteElo "2472"]

1. e4 {[%clk 1:30:57]} c5 {[%clk 1:30:54]} 2. Nc3 {[%clk 1:31:23]} Nc6
{[%clk 1:31:18]} 3. Bb5 {[%clk 1:31:48]} Nd4 {[%clk 1:30:11]} 4. Bc4
{[%clk 1:32:12]} e6 {[%clk 1:29:31]} 5. Nge2 {[%clk 1:32:22]} Ne7
{[%clk 1:23:29]} 6. Nxd4 {[%clk 1:32:26]} cxd4 {[%clk 1:23:53]} 7. Ne2
{[%clk 1:32:47]} Nc6 {[%clk 1:23:56]} 8. O-O {[%clk 1:29:59]} g6 {[%clk 1:17:25]}
9. d3 {[%clk 1:29:26]} Bg7 {[%clk 1:17:45]} 10. Bd2 {[%clk 1:21:46]} O-O
{[%clk 1:17:39]} 11. b4 {[%clk 1:10:23]} a5 {[%clk 1:14:42]} 12. bxa5 Nxa5
{[%clk 1:14:56]} 13. Bb4 {[%clk 0:52:12]} d6 {[%clk 1:08:20]} 14. Bb3
{[%clk 0:52:30]} Qc7 {[%clk 1:05:41]} 15. Qd2 {[%clk 0:39:15]} Bd7
{[%clk 1:03:45]} 16. f4 {[%clk 0:32:16]} Rfc8 {[%clk 1:03:50]} 17. Rac1
{[%clk 0:30:34]} Nc6 {[%clk 1:00:59]} 18. Qe1 {[%clk 0:25:44]} Nxb4
{[%clk 1:00:59]} 19. Qxb4 {[%clk 0:26:07]} Qc5 {[%clk 1:00:49]} 20. Qe1
{[%clk 0:26:06]} Ba4 {[%clk 0:59:59]} 21. Qf2 {[%clk 0:19:47]} Bxb3
{[%clk 0:53:12]} 22. axb3 {[%clk 0:20:01]} Ra2 {[%clk 0:53:12]} 23. h3
{[%clk 0:18:09]} f5 {[%clk 0:50:55]} 24. exf5 {[%clk 0:18:19]} exf5
{[%clk 0:51:22]} 25. Kh2 {[%clk 0:16:27]} Bf6 {[%clk 0:47:58]} 26. Rfd1
{[%clk 0:13:47]} Kg7 {[%clk 0:45:56]} 27. Rd2 {[%clk 0:13:54]} Rb2
{[%clk 0:43:21]} 28. Qf3 {[%clk 0:10:25]} Rc7 {[%clk 0:43:45]} 29. g4
{[%clk 0:07:27]} Qb4 {[%clk 0:44:07]} 30. Rdd1 {[%clk 0:06:05]} Rcxc2
{[%clk 0:44:30]} 31. Rxc2 {[%clk 0:06:23]} Rxc2 {[%clk 0:44:57]} 32. g5
{[%clk 0:04:11]} Be7 {[%clk 0:45:23]} 33. Rc1 {[%clk 0:02:49]} Qxb3
{[%clk 0:44:44]} 34. Rxc2 {[%clk 0:02:35]} Qxc2 {[%clk 0:45:09]} 35. Kg3
{[%clk 0:02:59]} Qc6 {[%clk 0:40:24]} 36. Qf2 {[%clk 0:02:16]} Qd5
{[%clk 0:40:44]} 37. Nxd4 {[%clk 0:02:21]} Kf7 {[%clk 0:40:47]} 38. Qb2
{[%clk 0:01:58]} Bf8 {[%clk 0:39:34]} 39. Qb6 {[%clk 0:02:11]} Kg8
{[%clk 0:37:44]} 40. h4 {[%clk 0:01:12]} h5 {[%clk 0:36:01]} 41. gxh6
{[%clk 0:00:44]} Kh7 {[%clk 0:35:33]} 42. Nf3 {[%clk 0:00:54]} Kxh6
{[%clk 0:35:12]} 43. Qd8 {[%clk 0:01:09]} Kg7 {[%clk 0:34:24]} 44. h5
{[%clk 0:00:50]} gxh5 {[%clk 0:34:50]} 45. Qg5+ {[%clk 0:00:41]} Kf7
{[%clk 0:35:18]} 46. Qxh5+ {[%clk 0:00:46]} Ke7 {[%clk 0:35:46]} 47. Qh7+
{[%clk 0:00:55]} Kd8 {[%clk 0:35:32]} 48. Qh8 {[%clk 0:01:17]} Ke7
{[%clk 0:36:00]} 49. Qh7+ {[%clk 0:01:43]} Ke8 {[%clk 0:36:27]} 50. Qc7
{[%clk 0:00:54]} Be7 {[%clk 0:36:41]} 51. Qc8+ {[%clk 0:00:49]} Kf7
{[%clk 0:37:07]} 52. Qc7 {[%clk 0:01:07]} Ke8 {[%clk 0:36:04]} 53. Qc8+
{[%clk 0:01:29]} Bd8 {[%clk 0:36:31]} 54. Qc4 {[%clk 0:00:38]} Qxc4
{[%clk 0:36:30]} 55. dxc4 {[%clk 0:01:04]} Bf6 {[%clk 0:36:53]} 56. Ne1
{[%clk 0:01:20]} Kd7 {[%clk 0:35:48]} 57. Nc2 {[%clk 0:01:19]} Ke6
{[%clk 0:20:45]} 58. Ne3 {[%clk 0:01:45]} Bd4 {[%clk 0:21:13]} 59. Nd5
{[%clk 0:02:10]} Bb2 {[%clk 0:21:42]} 60. Kf3 {[%clk 0:02:31]} b5
{[%clk 0:22:09]} 61. Nc7+ {[%clk 0:02:55]} Kd7 {[%clk 0:22:38]} 62. Nxb5
{[%clk 0:03:16]} Kc6 {[%clk 0:23:07]} 63. Na7+ {[%clk 0:00:44]} Kc5
{[%clk 0:22:25]} 64. Nc8 {[%clk 0:01:06]} Bf6 {[%clk 0:22:53]} 65. Ke3
{[%clk 0:00:52]} Bd8 {[%clk 0:23:20]} 66. Kd3 {[%clk 0:00:39]} Bh4
{[%clk 0:23:39]} 67. Na7 {[%clk 0:00:47]} Bg3 {[%clk 0:23:59]} 68. Nc8
{[%clk 0:00:49]} Bh4 {[%clk 0:24:16]} 69. Na7 {[%clk 0:01:16]} Bf6
{[%clk 0:23:51]} 70. Nc8 {[%clk 0:01:29]} Bd8 {[%clk 0:24:18]} 71. Na7
{[%clk 0:01:34]} Bh4 {[%clk 0:24:02]} 72. Nc8 {[%clk 0:01:58]} Kc6
{[%clk 0:24:30]} 73. Na7+ {[%clk 0:02:17]} Kb6 {[%clk 0:24:45]} 74. Nb5
{[%clk 0:02:38]} d5 {[%clk 0:24:49]} 75. Nd4 {[%clk 0:02:52]} dxc4+
{[%clk 0:25:17]} 76. Kxc4 {[%clk 0:03:16]} Bg3 {[%clk 0:25:45]} 77. Nxf5
{[%clk 0:03:41]} Bxf4 {[%clk 0:26:12]} 1/2-1/2

[Event "Festival"]
[Site "?"]
[Date "2016.02.17"]
[Round "1.2"]
[White "Donchenko, Alexander"]
[Black "Savina, Anastasia"]
[Result "1-0"]
[LiveChessVersion "1.4.7"]
[BlackElo "2401"]
[WhiteElo "2575"]

1. Nf3 {[%clk 1:30:57]} Nf6 {[%clk 1:29:35]} 2. c4 {[%clk 1:30:32]} g6
{[%clk 1:29:48]} 3. g3 {[%clk 1:30:03]} Bg7 {[%clk 1:30:12]} 4. Bg2
{[%clk 1:30:24]} O-O {[%clk 1:30:35]} 5. O-O {[%clk 1:30:40]} d6 {[%clk 1:29:41]}
6. d4 {[%clk 1:30:57]} Nc6 {[%clk 1:30:03]} 7. Nc3 {[%clk 1:31:12]} a6
{[%clk 1:29:52]} 8. Bf4 {[%clk 1:31:07]} Rb8 {[%clk 1:17:38]} 9. Rc1
{[%clk 1:30:46]} Bg4 {[%clk 1:16:15]} 10. b3 {[%clk 1:20:25]} h6 {[%clk 0:41:07]}
11. d5 {[%clk 1:15:11]} e5 {[%clk 0:40:10]} 12. dxc6 {[%clk 1:07:10]} exf4
{[%clk 0:40:21]} 13. gxf4 {[%clk 1:07:10]} Nh5 {[%clk 0:35:01]} 14. Qd2
{[%clk 1:02:39]} bxc6 {[%clk 0:30:54]} 15. Nd4 {[%clk 1:01:15]} Qh4
{[%clk 0:21:12]} 16. Nxc6 {[%clk 0:57:36]} Rb6 {[%clk 0:05:02]} 17. e3
{[%clk 0:53:15]} Bh3 {[%clk 0:05:14]} 18. Bxh3 {[%clk 0:46:02]} Qxh3
{[%clk 0:05:31]} 19. Ne7+ {[%clk 0:46:15]} Kh7 {[%clk 0:05:57]} 20. f3
{[%clk 0:46:21]} Re8 {[%clk 0:02:39]} 21. Ncd5 {[%clk 0:37:28]} Rb7
{[%clk 0:01:22]} 22. c5 {[%clk 0:34:29]} dxc5 {[%clk 0:01:14]} 23. Nc6
{[%clk 0:33:24]} Qe6 {[%clk 0:00:37]} 24. Rxc5 {[%clk 0:33:13]} Qd6
{[%clk 0:00:35]} 25. Rc4 {[%clk 0:31:01]} Rb5 {[%clk 0:00:33]} 26. Rd1
{[%clk 0:30:52]} Nf6 {[%clk 0:00:34]} 27. Nxf6+ {[%clk 0:29:05]} Qxf6
{[%clk 0:01:00]} 28. Ne5 {[%clk 0:28:06]} Qe7 {[%clk 0:00:34]} 29. Ng4
{[%clk 0:21:51]} Rb6 {[%clk 0:00:33]} 30. Re4 {[%clk 0:18:27]} Re6
{[%clk 0:00:57]} 31. Nf2 {[%clk 0:16:28]} Qh4 {[%clk 0:00:34]} 32. Qc2
{[%clk 0:15:31]} Qh5 {[%clk 0:00:32]} 33. Kg2 {[%clk 0:15:15]} f5
{[%clk 0:00:32]} 34. Rxe6 {[%clk 0:14:41]} Rxe6 {[%clk 0:01:01]} 35. Qc5
{[%clk 0:14:54]} g5 {[%clk 0:00:36]} 36. Qxf5+ {[%clk 0:15:06]} Rg6
{[%clk 0:01:03]} 37. Ng4 {[%clk 0:15:12]} 1-0

[Event "Festival"]
[Site "?"]
[Date "2016.02.17"]
[Round "1.3"]
[White "Loiseau, Quentin"]
[Black "Bailet, Pierre"]
[Result "0-1"]
[LiveChessVersion "1.4.7"]
[BlackElo "2509"]
[WhiteElo "2437"]

1. d4 {[%clk 1:30:55]} Nf6 {[%clk 1:30:47]} 2. c4 {[%clk 1:31:20]} e6
{[%clk 1:31:10]} 3. Nf3 {[%clk 1:30:58]} b6 {[%clk 1:31:28]} 4. g3
{[%clk 1:28:26]} Bb7 {[%clk 1:31:43]} 5. Bg2 {[%clk 1:28:50]} Be7
{[%clk 1:32:08]} 6. O-O {[%clk 1:29:12]} O-O {[%clk 1:32:31]} 7. Re1
{[%clk 1:29:21]} Na6 {[%clk 1:32:46]} 8. Nc3 {[%clk 1:27:30]} Ne4
{[%clk 1:32:44]} 9. Bf4 {[%clk 1:22:27]} Nxc3 {[%clk 1:28:22]} 10. bxc3
{[%clk 1:22:20]} d6 {[%clk 1:28:26]} 11. e4 {[%clk 1:18:41]} Nb8 {[%clk 1:28:01]}
12. h4 {[%clk 1:13:25]} Nd7 {[%clk 1:24:27]} 13. h5 {[%clk 1:03:18]} h6
{[%clk 1:22:55]} 14. Qe2 {[%clk 0:48:15]} Nf6 {[%clk 1:09:49]} 15. Nd2
{[%clk 0:47:04]} Nh7 {[%clk 1:09:15]} 16. Be3 {[%clk 0:44:27]} e5
{[%clk 1:02:29]} 17. f4 {[%clk 0:39:43]} Re8 {[%clk 1:02:05]} 18. Rf1
{[%clk 0:34:34]} Qd7 {[%clk 0:55:57]} 19. Rf2 {[%clk 0:21:06]} Rad8
{[%clk 0:36:46]} 20. Raf1 {[%clk 0:19:43]} exf4 {[%clk 0:37:08]} 21. Rxf4
{[%clk 0:17:52]} Ng5 {[%clk 0:35:38]} 22. Kh2 {[%clk 0:16:36]} Bf8
{[%clk 0:28:04]} 23. Rg4 {[%clk 0:14:53]} Bc8 {[%clk 0:26:47]} 24. Rxg5
{[%clk 0:07:13]} hxg5 {[%clk 0:26:59]} 25. Bxg5 {[%clk 0:07:41]} Be7
{[%clk 0:25:10]} 26. Bf4 {[%clk 0:04:26]} Bf6 {[%clk 0:22:50]} 27. Kg1
{[%clk 0:01:43]} c5 {[%clk 0:14:47]} 28. Qe3 {[%clk 0:02:10]} b5 {[%clk 0:14:18]}
29. h6 {[%clk 0:00:43]} b4 {[%clk 0:12:27]} 30. Bg5 {[%clk 0:00:44]} Bxg5
{[%clk 0:11:21]} 31. Qxg5 {[%clk 0:01:12]} Qg4 {[%clk 0:11:45]} 32. Qe3
{[%clk 0:00:34]} bxc3 {[%clk 0:11:33]} 33. Qxc3 {[%clk 0:01:02]} gxh6
{[%clk 0:11:38]} 34. d5 {[%clk 0:00:43]} Qg7 {[%clk 0:10:49]} 35. Qa5
{[%clk 0:00:54]} Qxg3 {[%clk 0:09:39]} 36. Rf3 {[%clk 0:01:14]} Qe1+
{[%clk 0:09:36]} 37. Kh2 {[%clk 0:01:15]} Qh4+ {[%clk 0:08:42]} 38. Kg1
{[%clk 0:01:32]} Bg4 {[%clk 0:08:28]} 39. Rb3 {[%clk 0:01:36]} Rb8
{[%clk 0:07:52]} 40. Qxa7 {[%clk 0:01:48]} Rxb3 {[%clk 0:08:05]} 41. axb3
{[%clk 0:02:16]} Qg5 {[%clk 0:07:57]} 42. Qa4 {[%clk 0:01:57]} Re5
{[%clk 0:07:05]} 43. Qa2 {[%clk 0:02:04]} Qe3+ {[%clk 0:06:56]} 0-1

[Event "Festival"]
[Site "?"]
[Date "2016.02.17"]
[Round "1.4"]
[White "Karavade, Eesha"]
[Black "Brunner, Nicolas"]
[Result "1-0"]
[LiveChessVersion "1.4.7"]
[BlackElo "2438"]
[WhiteElo "2400"]

1. e4 {[%clk 1:30:41]} c5 {[%clk 1:30:53]} 2. Nf3 {[%clk 1:31:04]} d6
{[%clk 1:31:19]} 3. Bb5+ {[%clk 1:30:55]} Bd7 {[%clk 1:31:29]} 4. Bxd7+
{[%clk 1:30:47]} Qxd7 {[%clk 1:31:54]} 5. c4 {[%clk 1:31:10]} Nf6
{[%clk 1:32:18]} 6. Nc3 {[%clk 1:31:17]} g6 {[%clk 1:32:43]} 7. d4
{[%clk 1:30:41]} cxd4 {[%clk 1:33:09]} 8. Nxd4 {[%clk 1:31:06]} Bg7
{[%clk 1:33:35]} 9. b3 {[%clk 1:31:28]} O-O {[%clk 1:33:10]} 10. Bb2
{[%clk 1:31:44]} Nc6 {[%clk 1:33:23]} 11. O-O {[%clk 1:32:05]} e6
{[%clk 1:33:41]} 12. Nxc6 {[%clk 1:30:42]} Qxc6 {[%clk 1:33:02]} 13. f3
{[%clk 1:26:36]} Rfd8 {[%clk 1:30:35]} 14. Qe2 {[%clk 1:22:15]} a6
{[%clk 1:29:06]} 15. Kh1 {[%clk 1:17:23]} Rd7 {[%clk 1:25:53]} 16. Rfd1
{[%clk 1:13:59]} Rad8 {[%clk 1:18:55]} 17. Rac1 {[%clk 1:13:58]} b6
{[%clk 1:16:57]} 18. Na4 {[%clk 1:05:47]} Rb8 {[%clk 1:05:28]} 19. Bd4
{[%clk 0:53:54]} Ne8 {[%clk 0:55:28]} 20. Bxg7 {[%clk 0:47:44]} Kxg7
{[%clk 0:55:27]} 21. Qb2+ {[%clk 0:48:03]} Kg8 {[%clk 0:55:01]} 22. Nc3
{[%clk 0:46:57]} Qc5 {[%clk 0:45:43]} 23. a4 {[%clk 0:40:23]} Qe5
{[%clk 0:39:19]} 24. Qd2 {[%clk 0:38:27]} Qa5 {[%clk 0:35:25]} 25. Qe3
{[%clk 0:36:02]} Qc5 {[%clk 0:31:24]} 26. Qe2 {[%clk 0:33:59]} Rc7
{[%clk 0:31:08]} 27. Rb1 {[%clk 0:32:26]} Qb4 {[%clk 0:29:08]} 28. Qb2
{[%clk 0:31:22]} Rbc8 {[%clk 0:26:03]} 29. Rd3 {[%clk 0:28:12]} Rb8
{[%clk 0:25:07]} 30. f4 {[%clk 0:23:39]} Qc5 {[%clk 0:24:06]} 31. Rbd1
{[%clk 0:21:58]} Qc6 {[%clk 0:22:04]} 32. Qe2 {[%clk 0:20:53]} Qb7
{[%clk 0:18:25]} 33. e5 {[%clk 0:18:00]} dxe5 {[%clk 0:18:39]} 34. fxe5
{[%clk 0:18:27]} Qc6 {[%clk 0:17:27]} 35. Qd2 {[%clk 0:17:24]} Rbb7
{[%clk 0:13:53]} 36. Rd8 {[%clk 0:16:04]} Rc8 {[%clk 0:13:37]} 37. Rd4
{[%clk 0:15:33]} Qc5 {[%clk 0:13:03]} 38. Qf4 {[%clk 0:15:44]} Qb4
{[%clk 0:07:15]} 39. Qf3 {[%clk 0:14:17]} Qe7 {[%clk 0:03:11]} 40. Ne4
{[%clk 0:13:12]} Rcb8 {[%clk 0:01:47]} 41. Nf6+ {[%clk 0:10:03]} Nxf6
{[%clk 0:01:49]} 42. exf6 {[%clk 0:10:27]} Qf8 {[%clk 0:02:03]} 43. R1d3
{[%clk 0:05:20]} h6 {[%clk 0:01:52]} 44. Rh4 {[%clk 0:02:36]} Rd8
{[%clk 0:02:08]} 45. Rhd4 {[%clk 0:02:55]} Rxd4 {[%clk 0:01:25]} 46. Rxd4
{[%clk 0:03:22]} Qb4 {[%clk 0:01:38]} 47. Qe3 {[%clk 0:03:20]} Rb8
{[%clk 0:01:20]} 48. h3 {[%clk 0:03:25]} Qf8 {[%clk 0:00:39]} 49. Rd7
{[%clk 0:01:34]} Rd8 {[%clk 0:00:57]} 50. Qd2 {[%clk 0:01:50]} Rxd7
{[%clk 0:01:17]} 51. Qxd7 {[%clk 0:02:17]} a5 {[%clk 0:00:58]} 52. Qc6
{[%clk 0:01:03]} Qb4 {[%clk 0:00:55]} 53. Qe8+ {[%clk 0:00:58]} Qf8
{[%clk 0:01:23]} 54. Qe7 {[%clk 0:01:21]} Qc8 {[%clk 0:01:28]} 55. Qd6
{[%clk 0:01:34]} Qc5 {[%clk 0:01:24]} 56. Qd8+ {[%clk 0:01:58]} Kh7
{[%clk 0:01:35]} 57. Qe8 {[%clk 0:02:21]} h5 {[%clk 0:00:40]} 58. Qxf7+
{[%clk 0:02:39]} Kh6 {[%clk 0:01:07]} 59. h4 {[%clk 0:02:53]} 1-0

[Event "Festival"]
[Site "?"]
[Date "2016.02.17"]
[Round "1.5"]
[White "Arakhamia-Grant, Ketevan"]
[Black "Maisuradze, Nino"]
[Result "1-0"]
[LiveChessVersion "1.4.7"]
[BlackElo "2302"]
[WhiteElo "2346"]

1. e4 c5 2. Nf3 e6 3. d4 cxd4 4. Nxd4 Nf6 5. Nc3 Nc6 6. Ndb5 Bc5 7. Nd6+ Ke7 8.
Nxc8+ Rxc8 9. Bd3 Qc7 10. O-O h6 11. Kh1 Rhd8 12. f4 d6 13. a3 Kf8 14. Qe1 a6 15.
Qh4 Qe7 16. Qh3 b5 17. Bd2 Bd4 18. Rae1 Kg8 19. g4 Nh7 20. Nd1 Rb8 21. c3 Bf6 22.
g5 Nxg5 23. fxg5 Bxg5 24. Bxg5 hxg5 25. Nf2 Ne5 26. Bc2 a5 27. Rg1 b4 28. cxb4
axb4 29. Ng4 bxa3 30. bxa3 Rdc8 31. Bb1 Rb2 32. Qg3 Rc5 33. Nxe5 Rxe5 34. Qd3 Qf6
35. Rgf1 Qh6 36. Re2 Rxe2 37. Qxe2 Qh4 38. Qa6 Qh3 39. Qd3 g4 40. Rc1 Rh5 41.
Qxh3 gxh3 42. e5 g6 43. exd6 Rd5 44. Kg1 Rxd6 45. Kf2 Rd2+ 46. Kg3 Rb2 47. Rc8+
Kg7 48. Bc2 Ra2 49. Rc3 f5 50. Kxh3 Kf6 51. Kg3 g5 52. a4 g4 53. Rc5 Kg5 54. a5
e5 55. h4+ gxh3 56. Kxh3 Kf4 57. Kg2 e4 58. Kf2 Ra3 59. Bd1 Ra2+ 60. Be2 e3+ 61.
Kf1 Kg3 62. Rxf5 Ra1+ 63. Bd1 Rxd1+ 64. Ke2 Ra1 65. Kxe3 Kg4 66. Rb5 Ra4 67. Rd5
Ra1 68. Ke4 Re1+ 69. Kd4 Ra1 70. Kc4 Kf4 71. Kb5 Ke4 72. Rh5 Rg1 73. a6 Rg7 74.
Kb6 Rg6+ 75. Ka5 Rg7 76. Rb5 Kd4 77. Rb7 Rg5+ 78. Kb4 Rg1 79. Kb5 Rg5+ 80. Kb6
Rg6+ 81. Ka5 Rg5+ 82. Rb5 Rg7 83. Kb6 Rg6+ 84. Kb7 Kc4 85. Rh5 Rg7+ 86. Kb6 Rg6+
87. Ka5 Rg7 88. Rf5 Rh7 89. Rg5 Rf7 90. Rb5 Rh7 91. Rb7 Rh5+ 92. Ka4 Rh1 93. Rc7+
Kd5 94. a7 Ra1+ 95. Kb5 Rb1+ 96. Ka6 Kd6 97. Rc6+ Kd7 98. Rb6 Ra1+ 99. Kb7 1-0

[Event "Festival"]
[Site "?"]
[Date "2016.02.17"]
[Round "2.1"]
[White "Paehtz, Elisabeth"]
[Black "Karavade, Eesha"]
[Result "1-0"]
[LiveChessVersion "1.4.7"]
[BlackElo "2400"]
[WhiteElo "2472"]

1. e4 {[%clk 1:30:58]} e6 {[%clk 1:25:43]} 2. d4 {[%clk 1:31:22]} d5
{[%clk 1:26:09]} 3. Nd2 {[%clk 1:31:49]} Nf6 {[%clk 1:26:00]} 4. e5
{[%clk 1:32:16]} Nfd7 {[%clk 1:26:24]} 5. f4 {[%clk 1:32:44]} c5 {[%clk 1:26:42]}
6. Ngf3 {[%clk 1:32:27]} Nc6 {[%clk 1:24:40]} 7. Nb3 {[%clk 1:32:54]} b6
{[%clk 1:17:20]} 8. Be3 {[%clk 1:32:10]} Bb7 {[%clk 1:17:32]} 9. Be2
{[%clk 1:26:56]} Qc8 {[%clk 1:11:49]} 10. O-O {[%clk 1:23:21]} cxd4
{[%clk 1:01:22]} 11. Nbxd4 {[%clk 1:18:48]} Nc5 {[%clk 1:01:43]} 12. Nxc6
{[%clk 1:15:14]} Bxc6 {[%clk 1:01:16]} 13. Nd4 {[%clk 1:15:24]} Bd7
{[%clk 1:01:25]} 14. c4 {[%clk 1:07:47]} dxc4 {[%clk 1:01:06]} 15. Bxc4
{[%clk 1:07:50]} Be7 {[%clk 1:01:26]} 16. b4 {[%clk 0:53:45]} Na6
{[%clk 0:52:31]} 17. Rc1 {[%clk 0:52:32]} Qb7 {[%clk 0:49:58]} 18. f5
{[%clk 0:43:32]} b5 {[%clk 0:43:20]} 19. fxe6 {[%clk 0:41:40]} bxc4
{[%clk 0:43:42]} 20. exd7+ {[%clk 0:39:41]} Qxd7 {[%clk 0:42:55]} 21. e6
{[%clk 0:38:53]} fxe6 {[%clk 0:40:30]} 22. Qf3 {[%clk 0:29:49]} Nc7
{[%clk 0:40:53]} 23. Qf7+ {[%clk 0:30:12]} Kd8 {[%clk 0:41:18]} 24. Qxg7
{[%clk 0:29:16]} Re8 {[%clk 0:41:40]} 25. Rxc4 {[%clk 0:27:47]} Kc8
{[%clk 0:39:26]} 26. Qe5 {[%clk 0:21:37]} Kb7 {[%clk 0:38:57]} 27. Rxc7+
{[%clk 0:20:23]} Qxc7 {[%clk 0:39:12]} 28. Qe4+ {[%clk 0:20:38]} Ka6
{[%clk 0:39:35]} 29. Rc1 {[%clk 0:17:01]} 1-0

[Event "Festival"]
[Site "?"]
[Date "2016.02.17"]
[Round "2.2"]
[White "Bailet, Pierre"]
[Black "Arakhamia-Grant, Ketevan"]
[Result "1/2-1/2"]
[LiveChessVersion "1.4.7"]
[BlackElo "2346"]
[WhiteElo "2509"]

1. d4 {[%clk 1:29:20]} d5 {[%clk 1:30:29]} 2. c4 {[%clk 1:29:31]} e6
{[%clk 1:30:47]} 3. Nf3 {[%clk 1:29:42]} Nf6 {[%clk 1:30:53]} 4. g3
{[%clk 1:29:18]} Bb4+ {[%clk 1:26:18]} 5. Bd2 {[%clk 1:28:20]} a5
{[%clk 1:22:48]} 6. Bg2 {[%clk 1:26:27]} O-O {[%clk 1:21:48]} 7. O-O
{[%clk 1:26:19]} dxc4 {[%clk 1:15:39]} 8. Qc2 {[%clk 1:17:46]} b5
{[%clk 1:15:02]} 9. a4 {[%clk 1:16:21]} bxa4 {[%clk 1:04:12]} 10. Rxa4
{[%clk 1:09:17]} Bb7 {[%clk 0:49:23]} 11. Bxb4 {[%clk 1:01:30]} axb4
{[%clk 0:49:45]} 12. Rxa8 {[%clk 1:01:04]} Bxa8 {[%clk 0:50:10]} 13. Qxc4
{[%clk 1:00:31]} Bd5 {[%clk 0:37:01]} 14. Qc5 {[%clk 0:53:45]} Nc6
{[%clk 0:32:27]} 15. Nbd2 {[%clk 0:46:04]} Qa8 {[%clk 0:29:35]} 16. e3
{[%clk 0:40:04]} Rc8 {[%clk 0:16:42]} 17. Rc1 {[%clk 0:34:36]} Qb7
{[%clk 0:14:02]} 18. Ne1 {[%clk 0:31:27]} Nd7 {[%clk 0:13:03]} 19. Qc2
{[%clk 0:28:26]} Bxg2 {[%clk 0:12:09]} 20. Nxg2 {[%clk 0:28:48]} Ne7
{[%clk 0:09:53]} 21. Ne4 {[%clk 0:22:34]} h6 {[%clk 0:08:50]} 22. Nc5
{[%clk 0:21:28]} Nxc5 {[%clk 0:08:34]} 23. Qxc5 {[%clk 0:21:52]} Nd5
{[%clk 0:08:16]} 24. Ne1 {[%clk 0:18:14]} Ra8 {[%clk 0:08:16]} 25. Nd3
{[%clk 0:16:49]} Ra2 {[%clk 0:06:51]} 26. Qc4 {[%clk 0:14:46]} Qa8
{[%clk 0:04:28]} 27. Qb3 {[%clk 0:13:06]} Ra1 {[%clk 0:03:22]} 28. Rxa1
{[%clk 0:12:51]} Qxa1+ {[%clk 0:03:50]} 29. Kg2 {[%clk 0:13:15]} Qa8
{[%clk 0:02:41]} 30. Kf1 {[%clk 0:09:44]} g5 {[%clk 0:01:36]} 31. Qc4
{[%clk 0:07:37]} Qa5 {[%clk 0:00:46]} 32. h3 {[%clk 0:07:02]} Nf6
{[%clk 0:00:35]} 33. Ne5 {[%clk 0:06:45]} Ne4 {[%clk 0:00:38]} 34. Kg2
{[%clk 0:06:20]} Nd6 {[%clk 0:00:37]} 35. Qc6 {[%clk 0:05:41]} b3
{[%clk 0:00:45]} 36. g4 {[%clk 0:03:48]} Kg7 {[%clk 0:00:39]} 37. Nd3
{[%clk 0:03:19]} Qd5+ {[%clk 0:00:36]} 38. Qxd5 exd5 39. Nc5 {[%clk 0:03:19]} Nc4
{[%clk 0:01:21]} 40. Nxb3 {[%clk 0:03:44]} Nxb2 {[%clk 0:01:45]} 41. Nc5
{[%clk 0:04:01]} Nc4 {[%clk 0:00:51]} 42. Na6 {[%clk 0:04:15]} c6
{[%clk 0:00:56]} 43. Nb4 {[%clk 0:04:31]} Na5 {[%clk 0:01:10]} 44. f4
{[%clk 0:03:06]} Kf6 {[%clk 0:00:45]} 45. Kf3 {[%clk 0:03:21]} Ke6
{[%clk 0:00:45]} 46. e4 {[%clk 0:03:14]} dxe4+ {[%clk 0:00:41]} 47. Kxe4
{[%clk 0:03:38]} Kd6 {[%clk 0:00:38]} 48. fxg5 {[%clk 0:03:32]} hxg5
{[%clk 0:01:05]} 49. Kf5 {[%clk 0:03:53]} Nb3 {[%clk 0:00:45]} 50. Nc2
{[%clk 0:03:16]} Kd5 {[%clk 0:00:36]} 51. Kxg5 {[%clk 0:03:12]} Nxd4
{[%clk 0:00:37]} 52. Nxd4 {[%clk 0:03:08]} Kxd4 {[%clk 0:01:02]} 53. h4
{[%clk 0:03:34]} c5 {[%clk 0:00:42]} 54. h5 {[%clk 0:03:57]} c4 {[%clk 0:00:35]}
55. h6 {[%clk 0:04:19]} f6+ {[%clk 0:00:44]} 56. Kf5 {[%clk 0:04:07]} c3
{[%clk 0:01:06]} 57. h7 {[%clk 0:04:32]} c2 {[%clk 0:01:24]} 58. h8=Q
{[%clk 0:04:52]} c1=Q {[%clk 0:01:47]} 59. Qxf6+ {[%clk 0:04:55]} Kd3
{[%clk 0:01:33]} 60. g5 {[%clk 0:03:10]} Qc5+ {[%clk 0:01:19]} 61. Kg6
{[%clk 0:03:31]} Ke4 {[%clk 0:00:35]} 62. Kh5 {[%clk 0:02:27]} Ke3
{[%clk 0:00:38]} 63. Kh6 {[%clk 0:02:43]} Kd3 {[%clk 0:00:35]} 64. Qf3+
{[%clk 0:02:35]} Kc2 {[%clk 0:00:36]} 65. g6 {[%clk 0:02:42]} Kb1
{[%clk 0:00:36]} 66. Qe4+ {[%clk 0:01:57]} Ka1 {[%clk 0:00:38]} 67. Qf4
{[%clk 0:01:22]} Qd5 {[%clk 0:00:38]} 68. g7 {[%clk 0:01:25]} Qe6+
{[%clk 0:00:39]} 69. Kg5 {[%clk 0:01:38]} Qd5+ {[%clk 0:00:56]} 70. Qf5
{[%clk 0:01:36]} Qg2+ {[%clk 0:01:03]} 71. Kf6 {[%clk 0:01:56]} Qc6+
{[%clk 0:01:12]} 72. Qe6 {[%clk 0:01:55]} Qf3+ {[%clk 0:01:24]} 73. Ke7
{[%clk 0:01:51]} Qb7+ {[%clk 0:01:36]} 74. Qd7 {[%clk 0:02:07]} Qe4+
{[%clk 0:01:16]} 75. Kf8 {[%clk 0:01:19]} Qf4+ {[%clk 0:01:23]} 76. Qf7
{[%clk 0:01:33]} Qb8+ {[%clk 0:01:26]} 77. Qe8 {[%clk 0:01:32]} Qf4+
{[%clk 0:01:32]} 78. Qf7 {[%clk 0:01:21]} Qb8+ {[%clk 0:01:52]} 79. Ke7
{[%clk 0:01:46]} Qc7+ {[%clk 0:01:23]} 80. Kf6 {[%clk 0:02:08]} Qf4+
{[%clk 0:00:54]} 81. Kg6 {[%clk 0:02:27]} Qg3+ {[%clk 0:00:50]} 82. Kh6
{[%clk 0:01:29]} Qe3+ {[%clk 0:01:06]} 83. Kh5 {[%clk 0:01:24]} Qh3+
{[%clk 0:01:16]} 84. Kg5 {[%clk 0:01:36]} Qg3+ {[%clk 0:01:25]} 85. Kf5
{[%clk 0:01:49]} Qf3+ {[%clk 0:01:24]} 86. Ke6 {[%clk 0:02:12]} Qb3+
{[%clk 0:00:58]} 87. Ke7 {[%clk 0:02:35]} Qb7+ {[%clk 0:01:06]} 88. Kf8
{[%clk 0:02:41]} Qc8+ {[%clk 0:01:02]} 89. Qe8 {[%clk 0:02:45]} Qc5+
{[%clk 0:00:55]} 90. Qe7 {[%clk 0:03:00]} Qf5+ {[%clk 0:00:43]} 91. Ke8
{[%clk 0:03:20]} Qc8+ {[%clk 0:00:40]} 92. Kf7 {[%clk 0:03:37]} Qc4+
{[%clk 0:00:53]} 93. Qe6 {[%clk 0:03:53]} Qc7+ {[%clk 0:01:11]} 94. Kf6
{[%clk 0:03:46]} Qf4+ {[%clk 0:01:06]} 95. Qf5 {[%clk 0:03:57]} Qd6+
{[%clk 0:01:16]} 96. Kg5 {[%clk 0:03:07]} Qg3+ {[%clk 0:01:14]} 97. Kh6
{[%clk 0:03:13]} Qd6+ {[%clk 0:00:37]} 98. Kh7 {[%clk 0:02:51]} Qh2+
{[%clk 0:00:49]} 99. Kg6 {[%clk 0:03:02]} Qg3+ {[%clk 0:00:50]} 100. Kf6
{[%clk 0:01:55]} Qd6+ {[%clk 0:01:00]} 101. Kg5 {[%clk 0:02:18]} Qg3+
{[%clk 0:01:05]} 102. Qg4 {[%clk 0:02:40]} Qe5+ {[%clk 0:00:57]} 103. Kh6
{[%clk 0:02:16]} Qd6+ {[%clk 0:00:56]} 104. Kg5 {[%clk 0:02:00]} Qe5+
{[%clk 0:01:00]} 105. Kg6 {[%clk 0:02:15]} Qd6+ {[%clk 0:01:03]} 106. Kh7
{[%clk 0:02:11]} Qh2+ {[%clk 0:01:12]} 107. Kg8 {[%clk 0:02:26]} Qb8+
{[%clk 0:01:27]} 108. Kf7 {[%clk 0:02:49]} Qc7+ {[%clk 0:01:26]} 109. Kf6
{[%clk 0:03:11]} Qd6+ {[%clk 0:01:20]} 110. Kf5 {[%clk 0:03:19]} Qd7+
{[%clk 0:01:00]} 111. Kf4 {[%clk 0:03:27]} Qd4+ {[%clk 0:00:44]} 112. Kg3
{[%clk 0:03:48]} Qg1+ {[%clk 0:00:42]} 113. Kf4 {[%clk 0:04:02]} Qd4+
{[%clk 0:01:05]} 114. Kg3 {[%clk 0:04:29]} Qg1+ {[%clk 0:01:30]} 115. Kf4
{[%clk 0:04:55]} Qd4+ 1/2-1/2